Statistics for Every $uicideboy$ song - Albums only

Click here to take the quiz!

General Stats

  • This quiz has been taken 19 times
  • The average score is 15 of 40

Answer Stats

AlbumSong% Correct
I Want To Die In New OrleansCarrollton
88%
I Want To Die In New OrleansComa
71%
I Want To Die In New OrleansKing Tulip
65%
I Want To Die In New Orleans10,000 Degrees
59%
Sing Me a LullabyGenesis
59%
I Want To Die In New OrleansNicotine Patches
59%
Sing Me a Lullaby1000 Blunts
53%
I Want To Die In New Orleans122 Days
53%
I Want To Die In New OrleansLong Gone (Save Me from This Hell)
53%
Long Term Effects of Suffering5 Grand at 8 to 1
47%
Long Term Effects of SufferingBleach
47%
I Want To Die In New OrleansFuck the Industry
47%
Sing Me a LullabyMatte Black
47%
Long Term Effects of SufferingAvalon
41%
Sing Me a LullabyEulogy
41%
Long Term Effects of SufferingMaterialism as a Means to an End
41%
I Want To Die In New OrleansMeet Mr. Niceguy
41%
I Want To Die In New OrleansWar Time All the Time
41%
Long Term Effects of SufferingForget It
35%
Sing Me a LullabyFucking Your Culture
35%
Long Term Effects of SufferingIf Self-Destuction Was an Olympic Event, I'd Be Tonya Harding
35%
Long Term Effects of SufferingNew Profile Pic
35%
Long Term Effects of SufferingThe Number You Have Dialed Is Not in Service
35%
Long Term Effects of SufferingUgliest
35%
Sing Me a LullabyAshes of Luxury
29%
Sing Me a LullabyEscape from Babylon
29%
I Want To Die In New OrleansPhantom Menace
29%
Long Term Effects of SufferingWe Envy Nothing In The World
29%
Long Term Effects of SufferingDegeneration in the Key of A Minor
24%
Sing Me a LullabyIn Constant Sorrow
24%
Long Term Effects of SufferingLife Is But a Stream
24%
Long Term Effects of SufferingLighting the Flames of My Own Personal Hell
24%
Sing Me a LullabyNo Matter Which Direction I'm Going In, I never Chase These Hoes
24%
Sing Me a LullabyResistance Is Useless
24%
Sing Me a LullabyThe Evil That Men Do
24%
Sing Me a LullabyUnlucky Me
24%
I Want To Die In New OrleansKrewe du Viex (Comedy & Tragedy)
18%
I Want To Die In New OrleansBring Our Your Dead
6%
I Want To Die In New OrleansI No Longer Fear the Razor Blade Guarding My Heel
0%
Sing Me a Lullaby$uicidboy$s Were Better in 2015
0%

Score Distribution

Percentile by Number Answered

Percent of People with Each Score

Your Score History

You have not taken this quiz